000
00402nam a2200133Ia 4500
008
151001s9999||||xx |||||||||||||| ||und||
100
_a
श्याम मोहन अस्थाना
245
_a
खुबसुरत शताब्दी बदसुरत लोग
250
_a
1
260
_b
अभिव्यक्ती
260
_c
2005
300
_a
92
365
_b
21
999
_c
991047
_d
991044